000 004850000a22001810004500
020 _a84-7228-490-5
041 0 _aSPA
082 0 4 _aG 268.4 M6471a
100 1 _aMiller, Chuck
245 1 0 _aAhora que soy cristiano : Avanzando en el crecimiento / Chuck Miller
260 _aTerrassa, Barcelona, España : CLIE
300 _a64 Pag
001 7979
942 _cBK
999 _c38178
_d38178
336 _atexto
_btxt
_2rdacontent
337 _2rdamedia
_asin mediación
_bn
338 _2rdacarrier
_avolumen
_bnc